000 01160cam a22002895a 4500
001 L160065
008 110523s2010 xxko f 000 0 eng d
020 _a9781848061545
035 _a(Sirsi) u160065
041 0 _aeng
050 0 4 _a306.1 $2 18
100 1 _aNicol, Simon
245 0 4 _aThe cost of poor housing to the NHS $[ electronic resource]
260 _aWatford
_bBRE
_c2010
300 _aebook
490 0 _aBRE
520 _aThis Briefing Paper has been produced as an update to The Real Cost of Poor Housing 2010. It provides an updated estimate of the cost of poor housing and provides readers with the economic justification for investing in improving the existing housing stock.
521 _aAdvanced
590 _aKA
650 2 4 _aPOOR HOUSING
651 4 _aUnited Kingdom
_y
690 _aPROPERTY-RESIDENTIAL PROPERTY-DOMESTIC RESIDENTIAL PROPERTY-HOUSING
700 1 _aRoys, Mike
700 1 _aGarrett, Helen
856 4 8 _uhttps://www.housinglin.org.uk/_assets/Resources/Housing/Support_materials/87741-Cost-of-Poor-Housing-Briefing-Paper-v3.pdf
_zView the document free of charge at www.housinglin.org.uk
942 _n0
999 _c116185
_d116185